000 00869 a2200169 4500
003 Nust
005 20170207153457.0
040 _cNust
082 _a920
100 _aNevinson .H.W
245 _aWords and deeds
_cH. W. Nevinson
260 _aUsA
_bPenguin Books
300 _a160:p
505 _aHow Many Miles To Babylon (Page-13), The Catfish (Page-22), The Poet Of Freedom (Page-27), Not Without Honour (Page-37), The Gadely Of Freedom (Page-44), Deeds Not Words (Page-62), Greeks (Page-68), Farewell To Fleet Street (Page-77), Southward Bound (Page-83), At Sea (Page-85), In Central Africa (Page-86), Daily Self-Surpast (Page-87), Home Sweet Home (Page-102), A Challengeful Night (Page-104), A Vigil (Page-109), On The Blue Danube (Page-115), The Holy Spirit (Page-129), Judgment’s Dilemma (Page-145).
538 _aAlmirah No.60 Shelf No.4
650 _aBiography
942 _2ddc
_cBK
999 _c187142
_d187142